Central Library OPAC University of Rajshahi

Weed management in rice / (Record no. 37681)

MARC details
000 -LEADER
fixed length control field 01157nam a2200349 a 4500
001 - CONTROL NUMBER
control field 37681
003 - CONTROL NUMBER IDENTIFIER
rucl marc code BD-RjUL
005 - DATE AND TIME OF LATEST TRANSACTION
control field 20211209052632.0
008 - FIXED-LENGTH DATA ELEMENTS--GENERAL INFORMATION
fixed length control field 150207s1996 it a b i000 0 eng d
020 ## - INTERNATIONAL STANDARD BOOK NUMBER
International Standard Book Number 8120412656
International Standard Book Number 9251039127
035 ## - SYSTEM CONTROL NUMBER
System control number (BD-RjUL)37785
System control number (BD-RjUL)
040 ## - CATALOGING SOURCE
Original cataloging agency UMC
Transcribing agency UMC
Modifying agency AGL
-- DLC
-- BD-RjUL
Language of cataloging eng
041 ## - LANGUAGE CODE
Language code of text/sound track or separate title eng
070 0# - NATIONAL AGRICULTURAL LIBRARY CALL NUMBER
Classification number SB13.F6
Item number no.139
072 #0 - SUBJECT CATEGORY CODE
Subject category code F120
082 00 - DEWEY DECIMAL CLASSIFICATION NUMBER
Classification number 633.1895
Edition number 21
Author mark and year WEE 1998
245 00 - TITLE STATEMENT
Title Weed management in rice /
Statement of responsibility, etc. edited by B.A. Auld and K.-U. Kim.
260 ## - PUBLICATION, DISTRIBUTION, ETC. (IMPRINT)
Place of publication, distribution, etc. Rome :
Name of publisher, distributor, etc. Food and Agriculture Organisation of the United Nations,
Date of publication, distribution, etc. 1996 [printing 1998].
300 ## - PHYSICAL DESCRIPTION
Pagination xiii, 272 p. :
Illustrations ill. (some col.) ;
Size 30 cm.
490 1# - SERIES STATEMENT
Series statement FAO plant production and protection paper,
Volume/sequential designation 139
504 ## - BIBLIOGRAPHY, ETC. NOTE
Bibliography, etc Includes bibliographical references.
650 #0 - SUBJECT ADDED ENTRY--TOPICAL TERM
Topical term or geographic name as entry element Rice
General subdivision Weed control.
9 (RLIN) 115895
700 1# - ADDED ENTRY--PERSONAL NAME
Personal name Auld, B. A.
Fuller form of name (Bruce Archibald),
Dates associated with a name 1945-
Personal name Kim, K.-U.
Fuller form of name (Kil-Ung)
830 #0 - SERIES ADDED ENTRY--UNIFORM TITLE
Volume number/sequential designation 139.
830 #0 - SERIES ADDED ENTRY--UNIFORM TITLE
Uniform title FAO plant production and protection papers ;
942 ## - ADDED ENTRY ELEMENTS (KOHA)
Source of classification or shelving scheme Dewey Decimal Classification
Koha item type Books
Holdings
Lost status Source of classification or shelving scheme Damaged status Not for loan Collection code Permanent Location Current Location Shelving location Date acquired Total Checkouts Full call number Date last seen Copy number Koha item type
  Dewey Decimal Classification   Not For Loan Non-fiction Institute of Biological Sciences (IBSc) Library Institute of Biological Sciences (IBSc) Library   07/02/2015   633.1895 WEE 1998 07/02/2015 C-1 Books